Datum a čas kvízu
21.5
Celkem bodů
Celkový počet nahraných bodů na tomto kvízu bez doplňovacích otázek.
7.
Pořadí na kvízu
Konečné umístění týmu na tomto kvízu.
Zaznamenané odpovědi
| # | Otázka | Odpověď | Body | Výsledky |
|---|---|---|---|---|
| 1. | Jak se nazývá státní vyznamená... | Řád Tomáše Garrigua Masaryka (1. třídy) | 0 | |
| 2. | Humanoidní robot Muhammad na v... | osahával ženu | 1 | |
| 3. | 14. března vstoupil do českých... | Monty Python a Svatý Grál | 1 | |
| 4. | Některé provozovny jistého řet... | McDonald's | 0 | |
| 5. | Český útočník Patrik Schick se... | Karabach | 0 | |
| 6. | Téma začneme v Evropě. Seřaďte... | 1A 2C 3D 4B | 0 | |
| 7. | Vůdcem Kuby byl několik deseti... | Raúl | 1 | |
| 8. | Jak se jmenuje tento živočich... | fosa | 1 | |
| 9. | Celkově kolikátou nejlidnatějš... | 4. nejlidnatější | 0 | |
| 10. | Jak se jmenuje ostrovní stát,... | Papua Nová Guinea | 0 |